Manažerská ekonomika

Salvato in:
Dettagli Bibliografici
Autore principale: Synek, Miloslav
Natura: Libro
Lingua:ceco
Pubblicazione: Praha Grada 1996
Edizione:1. vyd.
Soggetti:
Tags: Aggiungi Tag
Nessun Tag, puoi essere il primo ad aggiungerne!!

MARC

LEADER 00000nam a2200000 4500
001 c015781
005 20221214071326.3
020 |a 80-7169-211-5 
041 0 |a cze 
044 |a CZ 
245 1 0 |a Manažerská ekonomika  |c Miloslav Synek a kol. 
250 |a 1. vyd. 
264 1 |a Praha  |b Grada  |c 1996 
300 |a 455 s. 
610 2 0 |a založenie podniku 
610 2 0 |a kapitál finančný 
610 2 0 |a výnosy 
610 2 0 |a náklady 
610 2 0 |a výsledok hospodársky 
610 2 0 |a zisk 
610 2 0 |a inovácia 
610 2 0 |a marketing 
610 2 0 |a nákup 
610 2 0 |a výroba 
610 2 0 |a investície 
610 2 0 |a financie podnikové 
610 2 0 |a združenia podnikov 
610 2 0 |a analýzy 
610 2 0 |a kontroling 
610 2 0 |a revitalizácia 
100 1 |a Synek, Miloslav